The Global table : (Record no. 358056)
[ view plain ]
| 000 -LEADER | |
|---|---|
| fixed length control field | 00742nam a2200241Ia 4500 |
| 008 - FIXED-LENGTH DATA ELEMENTS--GENERAL INFORMATION | |
| fixed length control field | 180620s9999 xx 000 0 und d |
| 020 ## - INTERNATIONAL STANDARD BOOK NUMBER | |
| International Standard Book Number | 981-261-065-0 |
| 050 ## - LIBRARY OF CONGRESS CALL NUMBER | |
| Classification number | REF TX 879 |
| 050 ## - LIBRARY OF CONGRESS CALL NUMBER | |
| Item number | .S33 2006 |
| 100 ## - MAIN ENTRY--PERSONAL NAME | |
| Personal name | Schantz Johnsson, Tatjana. |
| 245 #4 - TITLE STATEMENT | |
| Title | The Global table : |
| 245 #0 - TITLE STATEMENT | |
| Remainder of title | celebrations and contemporary inspirations / |
| 245 #0 - TITLE STATEMENT | |
| Statement of responsibility, etc | Tatjana Schantz Johnsson; text by Marion Bravo-Bhasin; photography by Alan Lee and Edward Hendricks. |
| 260 ## - PUBLICATION, DISTRIBUTION, ETC. (IMPRINT) | |
| Place of publication, distribution, etc | Singapore : |
| 260 ## - PUBLICATION, DISTRIBUTION, ETC. (IMPRINT) | |
| Name of publisher, distributor, etc | Marshall Cavendish Editions, |
| 260 ## - PUBLICATION, DISTRIBUTION, ETC. (IMPRINT) | |
| Date of publication, distribution, etc | 2006 |
| 300 ## - PHYSICAL DESCRIPTION | |
| Extent | 130 pages : |
| 300 ## - PHYSICAL DESCRIPTION | |
| Other physical details | colored illustrations ; |
| 300 ## - PHYSICAL DESCRIPTION | |
| Dimensions | 25 cm. |
| 500 ## - GENERAL NOTE | |
| General note | Includes index. |
| 650 ## - SUBJECT ADDED ENTRY--TOPICAL TERM | |
| Topical term or geographic name as entry element | Table setting and decoration. |
| 650 ## - SUBJECT ADDED ENTRY--TOPICAL TERM | |
| General subdivision | Entertaining. |
| Withdrawn status | Lost status | Damaged status | Home library | Current library | Shelving location | Date acquired | Cost, normal purchase price | Total Checkouts | Full call number | Barcode | Date last seen | Price effective from | Koha item type |
|---|---|---|---|---|---|---|---|---|---|---|---|---|---|
| South Mansfield College | South Mansfield College | Reference Section | 01/10/2008 | 1400.00 | REF TX 879 .S33 2006 | SMC03982 | 06/20/2018 | 06/20/2018 |